| 000 | 00770nmm a2200277 a 4500 | ||
|---|---|---|---|
| 003 | AR-BaBNM | ||
| 005 | 20251128202854.0 | ||
| 008 | 037019s1949 ||||||||||||||000 | spa|| | ||
| 040 | _cAR-BaBNM | ||
| 100 | 1 | _aAramayo Alzerreca, Carlos | |
| 245 | 1 | 0 | _aHistoria de la Antártida |
| 250 | _a1ª ed. | ||
| 260 |
_aBuenos Aires _bHemisferio _c1949 |
||
| 300 | 0 | _a390 p. | |
| 500 | 0 | _aContiene apéndice: p. 329-388 | |
| 650 | 4 | _aHISTORIA PROVINCIAL ARGENTINA | |
| 650 | 4 | _aHISTORIA ANTARTICA ARGENTINA | |
| 650 | 4 | _aHISTORIA POLITICA ARGENTINA | |
| 650 | 4 | _aEXPEDICIONES CIENTIFICAS | |
| 650 | 4 | _aHISTORIA DE LAS CIENCIAS | |
| 650 | 4 | _aHISTORIA POLITICA | |
| 650 | 4 | _aPERIODO HISPANICO | |
| 650 | 4 | _aPERIODO INDEPENDIENTE | |
| 942 | _cBK | ||
| 998 | _cmariana | ||
| 999 |
_c978 _d978 |
||